00751nam a22002057a 450000500170000001000150001702000260003203500140005803700090007208200120008110000270009324500840012025000060020426000600021027000620027030000190033294200260035199900190037795201490039620250214124153.0 aENG-143801 a9789391706043c125.00 aEN-127333 bDBAD a181.499 aAdipurushananda977587 aSwami Vivekananda in Delhi:bA Picture of a Ground Reality/cBy Adipurushananda a1 aKolkatabRamakrishna Mission Institure of Culturec2021 aRamakrishna Mission Institure of CulturebKolkatae700023 a82p.c22cm(hb) 2ddccENh181.499kADI c209047d209047 001040718REFaLbLd2025-02-14eDelivery of Books Act Divisiong125.00l0o181.499pEN-127333r2025-02-14 00:00:00t1v125.00w2025-02-14yEN